Wszystkie Państwa które zdobyły medal na zimowych igrzyskach w 2026r - Statystyki

Ogólne statystyki
  • Ten quiz został rozwiązany 33 razy
  • Średni wynik to 25 z 29
Statystyki odpowiedzi
Z S B ŁACZNIE PAŃSTWO % Poprawnych
8 9 6 23 Francja
100%
18 12 11 41 Norwegia
100%
0 3 1 4 Polska
100%
8 6 4 18 Szwecja
100%
0 1 5 6 Finlandia
97%
5 7 9 21 Kanada
97%
8 10 8 26 Niemcy
97%
12 12 9 33 Stany Zjednoczone
97%
10 6 14 30 Włochy
97%
54 4 6 15 Chiny
93%
1 0 2 3 Hiszpania
93%
10 7 3 20 Holandia
93%
5 7 12 24 Japonia
93%
2 2 1 5 Czechy
90%
6 9 8 23 Szwajcaria
90%
5 8 5 18 Austria
87%
0 0 1 1 Belgia
87%
0 1 0 1 Dania
87%
3 4 3 10 Korea Południowa
87%
3 2 1 6 Australia
80%
1 0 0 1 Brazylia
80%
2 1 1 4 Słowenia
80%
3 1 1 5 Wielka Brytania
80%
0 1 1 2 Łotwa
70%
0 2 1 3 Nowa Zelandia
67%
0 1 0 1 Estonia
63%
0 0 2 2 Bułgaria
60%
1 0 0 1 Kazachstan
57%
0 1 0 1 Gruzja
50%
Nie znaleziono quizów pasujących do podanych kryteriów
Rozkład punktacji
Procent ludzi z każdym wynikiem
Percentyl według liczby udzielonych odpowiedzi
Twoja historia wyników
Nie rozwiązałeś tego quizu